The best American travel writing 2017 / (Record no. 1856)
[ view plain ]
| 000 -LEADER | |
|---|---|
| fixed length control field | 04659cam a22008775i 4500 |
| 001 - CONTROL NUMBER | |
| control field | data |
| 005 - DATE AND TIME OF LATEST TRANSACTION | |
| control field | 20260322212121.0 |
| 008 - FIXED-LENGTH DATA ELEMENTS--GENERAL INFORMATION | |
| fixed length control field | data |
| 035 ## - SYSTEM CONTROL NUMBER | |
| System control number | 20643684 |
| 010 ## - LIBRARY OF CONGRESS CONTROL NUMBER | |
| LC control number | 2017278625 |
| 020 ## - INTERNATIONAL STANDARD BOOK NUMBER | |
| International Standard Book Number | 1328745732 |
| Qualifying information | (paperback) |
| 020 ## - INTERNATIONAL STANDARD BOOK NUMBER | |
| International Standard Book Number | 9781328745736 |
| Qualifying information | (paperback) |
| 035 ## - SYSTEM CONTROL NUMBER | |
| System control number | (OCoLC)967067693 |
| 037 ## - SOURCE OF ACQUISITION | |
| Source of stock number/acquisition | Houghton Mifflin Harcourt, 6277 Sea Harbor Dr 5th Fl, Orlando, FL, USA, 32887, (617)3515539 |
| Note | SAN 215-3793 |
| 040 ## - CATALOGING SOURCE | |
| Original cataloging agency | YDX |
| Language of cataloging | eng |
| Transcribing agency | YDX |
| Description conventions | rda |
| Modifying agency | DLC |
| -- | BDX |
| -- | WIM |
| -- | JNE |
| -- | OCLCF |
| -- | GKX |
| -- | T3B |
| -- | DAD |
| -- | KYC |
| -- | OCLCQ |
| -- | OCLCO |
| -- | KK2 |
| -- | QQ3 |
| -- | OCLCQ |
| -- | OCLCO |
| -- | DLC |
| 042 ## - AUTHENTICATION CODE | |
| Authentication code | lccopycat |
| 082 04 - DEWEY DECIMAL CLASSIFICATION NUMBER | |
| Classification number | 910.4 |
| Edition information | 23 |
| 097 00 - | |
| -- | PS648.T73 |
| -- | B47 2017 |
| 245 04 - TITLE STATEMENT | |
| Title | The best American travel writing 2017 / |
| Statement of responsibility, etc. | edited with an introduction by Lauren Collins ; Jason Wilson, series editor. |
| 264 #1 - PRODUCTION, PUBLICATION, DISTRIBUTION, MANUFACTURE, AND COPYRIGHT NOTICE | |
| Place of production, publication, distribution, manufacture | Boston : |
| Name of producer, publisher, distributor, manufacturer | Houghton Mifflin Harcourt, |
| Date of production, publication, distribution, manufacture, or copyright notice | 2017. |
| 264 #4 - PRODUCTION, PUBLICATION, DISTRIBUTION, MANUFACTURE, AND COPYRIGHT NOTICE | |
| Date of production, publication, distribution, manufacture, or copyright notice | ©2017 |
| 300 ## - PHYSICAL DESCRIPTION | |
| Extent | xxi, 295 pages ; |
| Dimensions | 21 cm. |
| 336 ## - CONTENT TYPE | |
| Content type term | text |
| Content type code | txt |
| Source | rdacontent |
| 337 ## - MEDIA TYPE | |
| Media type term | unmediated |
| Media type code | n |
| Source | rdamedia |
| 338 ## - CARRIER TYPE | |
| Carrier type term | volume |
| Carrier type code | nc |
| Source | rdacarrier |
| 490 1# - SERIES STATEMENT | |
| Series statement | The best American series, |
| International Standard Serial Number | 1530-1516 |
| 500 ## - GENERAL NOTE | |
| General note | "A Mariner original." |
| 500 ## - GENERAL NOTE | |
| General note | Reprinted from various periodicals. |
| 505 00 - FORMATTED CONTENTS NOTE | |
| Title | The currency of moons / |
| Statement of responsibility | Kim Wyatt. |
| Title | My Holy Land vacation / |
| Statement of responsibility | Tom Bissell -- |
| Title | Chiefing in Cherokee / |
| Statement of responsibility | Stephanie Elizondo Griest -- |
| Title | Cliffhanger / |
| Statement of responsibility | Peter Frick-Wright -- |
| Title | The ones who left / |
| Statement of responsibility | Jackie Hedeman -- |
| Title | The big leap / |
| Statement of responsibility | Leslie Jamison -- |
| Title | Refugees hear a foreign word: welcome / |
| Statement of responsibility | Jodi Kantor and Catrin Einhorn -- |
| Title | Finding the forgotten / |
| Statement of responsibility | Randall Kenan -- |
| Title | Waiting on a whale at the end of the world / |
| Statement of responsibility | Saki Knafo -- |
| Title | Plum crazy / |
| Statement of responsibility | Gwendolyn Knapp -- |
| Title | Land of the lost / |
| Statement of responsibility | David Kushner -- |
| Title | On the road / |
| Statement of responsibility | Gideon Lewis-Kraus -- |
| Title | The secrets of the wood wide web / |
| Statement of responsibility | Robert Macfarlane -- |
| Title | Volunteering for the harvest / |
| Statement of responsibility | Ann Mah -- |
| Title | The away team / |
| Statement of responsibility | Alexis Okeowo -- |
| Title | A palpable history / |
| Statement of responsibility | Tim Parks -- |
| Title | Eva, she kill her one daughter / |
| Statement of responsibility | Shelley Puhak -- |
| Title | One person means alone / |
| Statement of responsibility | Elizabeth Lindsey Rogers -- |
| Title | Citizen Khan / |
| Statement of responsibility | Kathryn Schulz -- |
| Title | No amount of traffic or Instagrammers or drunks can take the magic out of (semi- ) wilderness / |
| Statement of responsibility | Wells Tower -- |
| Title | My father's house / |
| Statement of responsibility | Reggie Ugwu -- |
| Title | The currency of moons / |
| Statement of responsibility | Kim Wyatt. |
| 520 ## - SUMMARY, ETC. | |
| Summary, etc. | Presents an anthology of the best travel writing published in 2017, selected from magazines, newspapers, and web sites. |
| 650 #0 - SUBJECT ADDED ENTRY--TOPICAL TERM | |
| Topical term or geographic name entry element | Travel writing. |
| 650 #0 - SUBJECT ADDED ENTRY--TOPICAL TERM | |
| Topical term or geographic name entry element | Travel |
| Form subdivision | Excerpts. |
| -- | Excerpts. |
| 650 #0 - SUBJECT ADDED ENTRY--TOPICAL TERM | |
| Topical term or geographic name entry element | Travelers' writings, American. |
| 650 #0 - SUBJECT ADDED ENTRY--TOPICAL TERM | |
| Topical term or geographic name entry element | Voyages and travels |
| Form subdivision | Anecdotes. |
| 650 #7 - SUBJECT ADDED ENTRY--TOPICAL TERM | |
| Topical term or geographic name entry element | Travel. |
| Source of heading or term | fast |
| Authority record control number or standard number | (OCoLC)fst01155558 |
| 650 #7 - SUBJECT ADDED ENTRY--TOPICAL TERM | |
| Topical term or geographic name entry element | Travel writing. |
| Source of heading or term | fast |
| Authority record control number or standard number | (OCoLC)fst01155681 |
| 650 #7 - SUBJECT ADDED ENTRY--TOPICAL TERM | |
| Topical term or geographic name entry element | Travelers' writings, American. |
| Source of heading or term | fast |
| Authority record control number or standard number | (OCoLC)fst01155721 |
| 650 #7 - SUBJECT ADDED ENTRY--TOPICAL TERM | |
| Topical term or geographic name entry element | Voyages and travels. |
| Source of heading or term | fast |
| Authority record control number or standard number | (OCoLC)fst01169308 |
| 655 #4 - INDEX TERM--GENRE/FORM | |
| Genre/form data or focus term | Anecdotes. |
| 655 #4 - INDEX TERM--GENRE/FORM | |
| Genre/form data or focus term | Travel writing. |
| 655 #7 - INDEX TERM--GENRE/FORM | |
| Genre/form data or focus term | Anecdotes. |
| Source of term | fast |
| Authority record control number or standard number | (OCoLC)fst01423876 |
| 655 #7 - INDEX TERM--GENRE/FORM | |
| Genre/form data or focus term | Travel writing. |
| Source of term | fast |
| Authority record control number or standard number | (OCoLC)fst01919983 |
| 655 #7 - INDEX TERM--GENRE/FORM | |
| Genre/form data or focus term | Anecdotes. |
| Source of term | lcgft |
| 655 #7 - INDEX TERM--GENRE/FORM | |
| Genre/form data or focus term | Travel writing. |
| Source of term | lcgft |
| 655 #7 - INDEX TERM--GENRE/FORM | |
| Genre/form data or focus term | Excerpts. |
| Source of term | lcgft |
| Authority record control number or standard number | https://id.loc.gov/authorities/genreForms/gf2014026097 |
| 700 1# - ADDED ENTRY--PERSONAL NAME | |
| Personal name | Collins, Lauren |
| Titles and other words associated with a name | (Journalist), |
| Relator term | editor. |
| 700 1# - ADDED ENTRY--PERSONAL NAME | |
| Personal name | Wilson, Jason |
| Titles and other words associated with a name | (Writer on food and travel), |
| Relator term | editor. |
| 700 1# - ADDED ENTRY--PERSONAL NAME | |
| Personal name | Batuman, Elif, |
| Dates associated with a name | 1977- |
| Relator term | contributor. |
| 700 1# - ADDED ENTRY--PERSONAL NAME | |
| Personal name | Bissell, Tom, |
| Dates associated with a name | 1974- |
| Relator term | contributor. |
| 700 1# - ADDED ENTRY--PERSONAL NAME | |
| Personal name | Elizondo Griest, Stephanie, |
| Dates associated with a name | 1974- |
| Relator term | contributor. |
| 700 1# - ADDED ENTRY--PERSONAL NAME | |
| Personal name | Frick-Wright, Peter, |
| Relator term | contributor. |
| 700 1# - ADDED ENTRY--PERSONAL NAME | |
| Personal name | Hedeman, Jackie, |
| Relator term | contributor. |
| 700 1# - ADDED ENTRY--PERSONAL NAME | |
| Personal name | Jamison, Leslie, |
| Dates associated with a name | 1983- |
| Relator term | contributor. |
| 700 1# - ADDED ENTRY--PERSONAL NAME | |
| Personal name | Kantor, Jodi, |
| Dates associated with a name | 1975- |
| Relator term | contributor. |
| 700 1# - ADDED ENTRY--PERSONAL NAME | |
| Personal name | Einhorn, Catrin, |
| Relator term | contributor. |
| 700 1# - ADDED ENTRY--PERSONAL NAME | |
| Personal name | Kenan, Randall, |
| Relator term | contributor. |
| 700 1# - ADDED ENTRY--PERSONAL NAME | |
| Personal name | Knafo, Saki, |
| Relator term | contributor. |
| 700 1# - ADDED ENTRY--PERSONAL NAME | |
| Personal name | Knapp, Gwendolyn, |
| Dates associated with a name | 1981- |
| Relator term | contributor. |
| 700 1# - ADDED ENTRY--PERSONAL NAME | |
| Personal name | Kushner, David, |
| Dates associated with a name | 1968- |
| Relator term | contributor. |
| 700 1# - ADDED ENTRY--PERSONAL NAME | |
| Personal name | Lewis-Kraus, Gideon, |
| Relator term | contributor. |
| 700 1# - ADDED ENTRY--PERSONAL NAME | |
| Personal name | Macfarlane, Robert, |
| Dates associated with a name | 1976- |
| 700 1# - ADDED ENTRY--PERSONAL NAME | |
| Personal name | Mah, Ann, |
| Relator term | contributor. |
| 700 1# - ADDED ENTRY--PERSONAL NAME | |
| Personal name | Okeowo, Alexis, |
| Relator term | contributor. |
| 700 1# - ADDED ENTRY--PERSONAL NAME | |
| Personal name | Parks, Tim, |
| Relator term | contributor. |
| 700 1# - ADDED ENTRY--PERSONAL NAME | |
| Personal name | Puhak, Shelley, |
| Relator term | contributor. |
| 700 1# - ADDED ENTRY--PERSONAL NAME | |
| Personal name | Rogers, Elizabeth Lindsey, |
| Dates associated with a name | 1985- |
| Relator term | contributor. |
| 700 1# - ADDED ENTRY--PERSONAL NAME | |
| Personal name | Schulz, Kathryn, |
| Relator term | contributor. |
| 700 1# - ADDED ENTRY--PERSONAL NAME | |
| Personal name | Tower, Wells, |
| Dates associated with a name | 1973- |
| Relator term | contributor. |
| 700 1# - ADDED ENTRY--PERSONAL NAME | |
| Personal name | Ugwu, Reggie, |
| Relator term | contributor. |
| 700 1# - ADDED ENTRY--PERSONAL NAME | |
| Personal name | Wyatt, Kim, |
| Relator term | contributor. |
| 830 #0 - SERIES ADDED ENTRY--UNIFORM TITLE | |
| Uniform title | Best American series. |
| 906 ## - LOCAL DATA ELEMENT F, LDF (RLIN) | |
| a | 0 |
| b | ibc |
| c | copycat |
| d | 2 |
| e | ncip |
| f | 20 |
| g | y-gencatlg |
| 925 0# - | |
| -- | acquire |
| -- | 1 shelf copies |
| -- | policy default |
| Withdrawn status | Lost status | Damaged status | Not for loan | Home library | Current library | Shelving location | Date acquired | Total checkouts | Full call number | Barcode | Date last seen | Price effective from | Koha item type |
|---|---|---|---|---|---|---|---|---|---|---|---|---|---|
| Centerville | Centerville | General stacks | 22/03/2026 | 910.4 | LOC-CPL-00024 | 22/03/2026 | 22/03/2026 | Books |